|
|
|
|
| LEADER |
00000nam a2200000 i 4500 |
| 001 |
ELB134949 |
| 003 |
FINmELB |
| 005 |
20200820162738.0 |
| 006 |
m o u |
| 007 |
cr cn||||||||| |
| 008 |
120307s2013 enk ob 001 0 eng d |
| 020 |
|
|
|a 9781136218972
|q (e-book)
|
| 020 |
|
|
|z 9780415696579
|
| 035 |
|
|
|a (OCoLC)839305016
|
| 040 |
|
|
|a FINmELB
|b eng
|e rda
|c FINmELB
|
| 043 |
|
|
|a e------
|
| 050 |
|
4 |
|a KJC5144.G39
|b J64 2013
|
| 082 |
0 |
4 |
|a 342.408/7
|2 23
|
| 100 |
1 |
|
|a Johnson, Paul R.
|
| 245 |
1 |
0 |
|a Homosexuality and the European Court of Human Rights /
|c Paul Johnson.
|
| 264 |
|
1 |
|a Abingdon [England] ;
|a New York :
|b Routledge,
|c 2013.
|
| 300 |
|
|
|a 1 online resource (xviii, 251 pages)
|
| 336 |
|
|
|a text
|b txt
|2 rdacontent
|
| 337 |
|
|
|a computer
|b c
|2 rdamedia
|
| 338 |
|
|
|a online resource
|b cr
|2 rdacarrier
|
| 504 |
|
|
|a Includes bibliographical references (pages [215]-223) and index.
|
| 505 |
0 |
|
|a Emerging voices : homosexuality and the Commission, 1955-1980 -- An ontological struggle : the court and the homosexual since 1981 -- Homosexuality in the judicial laboratory : instruments, interpretations, and evolutions -- An essentially private manifestation of the human personality : the limitations of Article 8 -- The anti-discrimination provisions of the convention : Article 14 and Protocol 12 -- A right to marriage? same-sex relationships and Article 12 -- Expression, assembly, and association : Articles 10 and 11 -- Humiliation and debasement : degrading treatment and Article 3.
|
| 588 |
|
|
|a Description based on metadata supplied by the publisher and other sources.
|
| 590 |
|
|
|a Electronic reproduction. Santa Fe, Arg.: elibro, 2020. Available via World Wide Web. Access may be limited to eLibro affiliated libraries.
|
| 610 |
2 |
0 |
|a European Court of Human Rights.
|
| 630 |
0 |
0 |
|a Convention for the Protection of Human Rights and Fundamental Freedoms
|d (1950)
|
| 650 |
|
0 |
|a Homosexuality
|x Law and legislation
|z Europe
|x History.
|
| 650 |
|
0 |
|a Gays
|x Legal status, laws, etc.
|z Europe
|x History.
|
| 650 |
|
0 |
|a Homophobia
|x Law and legislation
|z Europe
|x History.
|
| 650 |
|
0 |
|a Human rights
|z Europe.
|
| 650 |
|
0 |
|a Homosexuality
|x Law and legislation
|z Europe
|v Cases.
|
| 655 |
|
4 |
|a Electronic books.
|
| 797 |
2 |
|
|a elibro, Corp.
|
| 856 |
4 |
0 |
|u https://elibro.uam.elogim.com/ereader/bidiuam/134949
|z Texto completo
|
| 950 |
|
|
|a eLibro English
|